Gender, governance, and countering violent extremism (CVE) in the UK
The paper draws upon ideas of decentred security, and governance and security assemblages, to explore the gendered nature of countering violent extremism. The paper focuses on the UK as an example of decentred CVE and concentrates on two areas. First, the paper looks at the evolution of modes of gov...
| 1. VerfasserIn: | |
|---|---|
| Medienart: | Elektronisch Aufsatz |
| Sprache: | Englisch |
| Veröffentlicht: |
2023
|
| In: |
International journal of law, crime and justice
Jahr: 2023, Band: 72 |
| Online-Zugang: |
Volltext (lizenzpflichtig) Volltext (lizenzpflichtig) |
| Verfügbarkeit prüfen: | HBZ Gateway |
| Schlagwörter: |
MARC
| LEADER | 00000caa a22000002c 4500 | ||
|---|---|---|---|
| 001 | 1840151188 | ||
| 003 | DE-627 | ||
| 005 | 20231109094048.0 | ||
| 007 | cr uuu---uuuuu | ||
| 008 | 230327s2023 xx |||||o 00| ||eng c | ||
| 024 | 7 | |a 10.1016/j.ijlcj.2019.100371 |2 doi | |
| 035 | |a (DE-627)1840151188 | ||
| 035 | |a (DE-599)KXP1840151188 | ||
| 040 | |a DE-627 |b ger |c DE-627 |e rda | ||
| 041 | |a eng | ||
| 084 | |a 2,1 |2 ssgn | ||
| 100 | 1 | |a Brown, Katherine E. |e VerfasserIn |4 aut | |
| 109 | |a Brown, Katherine E. |a Brown, Katherine | ||
| 245 | 1 | 0 | |a Gender, governance, and countering violent extremism (CVE) in the UK |
| 264 | 1 | |c 2023 | |
| 336 | |a Text |b txt |2 rdacontent | ||
| 337 | |a Computermedien |b c |2 rdamedia | ||
| 338 | |a Online-Ressource |b cr |2 rdacarrier | ||
| 520 | |a The paper draws upon ideas of decentred security, and governance and security assemblages, to explore the gendered nature of countering violent extremism. The paper focuses on the UK as an example of decentred CVE and concentrates on two areas. First, the paper looks at the evolution of modes of governing Muslim women in CVE initiatives. Second, the paper explores the tensions and frictions involved with the state and civil society using ‘formers’ (men who were previously involved in violent extremism) to engage in countering violent extremism community and de-radicalisation work. The paper finds that a decentred security governance approach to understanding CVE reveals how CVE is productive of MuslimWomen, of Muslim Communities and Violent Extremism. It also reveals CVE to operate not only according to formal documents and programmes but through an assemblage of beliefs, traditions and practices of everyday security. | ||
| 650 | 4 | |a Community | |
| 650 | 4 | |a Counter-terrorism | |
| 650 | 4 | |a Gender | |
| 650 | 4 | |a Islam | |
| 650 | 4 | |a violent extremism | |
| 773 | 0 | 8 | |i Enthalten in |t International journal of law, crime and justice |d Oxford : Elsevier, 2008 |g 72(2023), Artikel-ID 100371 |h Online-Ressource |w (DE-627)559427743 |w (DE-600)2412511-8 |w (DE-576)278242537 |x 1756-0616 |7 nnas |
| 773 | 1 | 8 | |g volume:72 |g year:2023 |g elocationid:100371 |
| 856 | 4 | 0 | |u https://doi.org/10.1016/j.ijlcj.2019.100371 |x Resolving-System |z lizenzpflichtig |3 Volltext |7 1 |
| 856 | 4 | 0 | |u https://www.sciencedirect.com/science/article/pii/S1756061619304537 |x Verlag |z lizenzpflichtig |3 Volltext |7 1 |
| 951 | |a AR | ||
| ELC | |a 1 | ||
| LOK | |0 000 xxxxxcx a22 zn 4500 | ||
| LOK | |0 001 4297536331 | ||
| LOK | |0 003 DE-627 | ||
| LOK | |0 004 1840151188 | ||
| LOK | |0 005 20230327114950 | ||
| LOK | |0 008 230327||||||||||||||||ger||||||| | ||
| LOK | |0 040 |a DE-21-110 |c DE-627 |d DE-21-110 | ||
| LOK | |0 092 |o n | ||
| LOK | |0 852 |a DE-21-110 | ||
| LOK | |0 852 1 |9 00 | ||
| LOK | |0 935 |a krzo | ||
| LOK | |0 939 |a 27-03-23 |b l01 | ||
| ORI | |a SA-MARC-krimdoka001.raw | ||
